Elements of physical geography /

Bibliographic Details
Main Author: Strahler, Arthur Newell, 1918-
Other Authors: Strahler, Alan H.
Format: Book
Language:English
Published: New York : Wiley, [1979]
Edition:2nd ed.
Subjects:

MARC

Tag First Indicator Second Indicator Subfields
LEADER 00000pam a2200000 a 4500
001 in00000076096
005 20151008060425.0
008 781010s1979 nyua 00110 engm
010 |a  78023776  
020 |a 0471044598 
035 |a (OCoLC)04493268 
035 |9 AAJ5721AM 
040 |a DLC  |c DLC  |d m.c.  |d TXA  |d UtOrBLW 
049 |a TXAM  |c [1362145] 
050 0 0 |a GB54.5  |b .S79 1979 
082 0 |a 910/.02 
100 1 |a Strahler, Arthur Newell,  |d 1918- 
245 1 0 |a Elements of physical geography /  |c Arthur N. Strahler, Alan H. Strahler. 
250 |a 2nd ed. 
264 1 |a New York :  |b Wiley,  |c [1979] 
264 4 |c ©1979 
300 |a xii, 560 pages :  |b illustrations ;  |c 29 cm. 
336 |a text  |b txt  |2 rdacontent 
337 |a unmediated  |b n  |2 rdamedia 
338 |a volume  |b nc  |2 rdacarrier 
500 |a Includes index. 
650 0 |a Physical geography. 
700 1 |a Strahler, Alan H. 
999 |a MARS 
999 f f |s 114130ea-b8c0-3ccf-93e0-83799d50f268  |i 5d4ada55-ca6b-3409-a1a0-c6739d63c8f4  |t 0 
952 f f |p normal  |a Texas A&M University  |b College Station  |c Sterling C. Evans Library  |d Evans: Library Stacks  |t 0  |e GB54.5 .S79 1979  |h Library of Congress classification  |i unmediated -- volume  |m A14806112959 
998 f f |a GB54.5 .S79 1979  |t 0  |l Evans: Library Stacks